00424 2200181 4500245003600000020002200036250001100058100001700069700001500086700001700101650001700118005001900135260003100154041001400185084001100199300002300210336000900233 aGoodbye YoucHendra PutrahText a978-602-5508-64-6 aCet. 1 aHendra Putra aHeri Putra aCoconut Team aNovel Remaja a20230713142854 aDepokbCoconut Booksc2018 aIndonesia a808.83 a252 hlm. :c21 cm. atext